Sports Quiz

Random Sports or NCAA Quiz

State by NCAA Div. I Nickname Quiz Stats

Quiz Updated Jan 30, 2016

Also try: NCAA FBS Nicknames
Challenge
Share
Tweet
Embed
Score 0/47 Timer 08:00
1 Play Today
Unique Nickname US State % Correct
Sun DevilsArizona
90%
Fighting IrishIndiana
89.5%
BadgersWisconsin
88.2%
Yellow JacketsGeorgia
86.1%
Golden GophersMinnesota
85.8%
HurricanesFlorida
84.3%
LobosNew Mexico
84.1%
HoyasWashington, D.C.
78.3%
Rainbow WarriorsHawai'i
77%
Scarlet KnightsNew Jersey
76.5%
MidshipmenMaryland
76%
CyclonesIowa
74.8%
AztecsCalifornia
74.6%
Runnin' RebelsNevada
72.4%
BuffaloesColorado
72.1%
CommodoresTennessee
71.5%
MinutemenMassachusetts
71%
SpidersVirginia
70.3%
Green WaveLouisiana
66.7%
Thundering HerdWest Virginia
64%
HilltoppersKentucky
63.6%
Fightin' Blue HensDelaware
63.1%
Fighting HawksNorth Dakota
62.7%
SalukisIllinois
62%
Unique Nickname US State % Correct
ShockersKansas
60.1%
FriarsRhode Island
59.5%
ChippewasMichigan
59.3%
VandalsIdaho
58%
MinersTexas
54.2%
Black KnightsNew York
53.1%
Golden FlashesOhio
52.5%
Golden HurricaneOklahoma
51.6%
Delta DevilsMississippi
50.2%
BlazersAlabama
48.6%
GrizzliesMontana
47.2%
Black BearsMaine
45.8%
BluejaysNebraska
40.8%
JackrabbitsSouth Dakota
40.3%
Red WolvesArkansas
35.8%
Big GreenNew Hampshire
33.2%
PilotsOregon
30.1%
PaladinsSouth Carolina
27.5%
DragonsPennsylvania
26.3%
Fighting Camels North Carolina
25.7%
KangaroosMissouri
22.6%
StagsConnecticut
22.4%
ThunderbirdsUtah
19.6%

You're not logged in!

Compare scores with friends on all Sporcle quizzes.
Join for Free
OR
Log In

You Might Also Like...

Show Comments

Extras

Top Quizzes Today


Score Distribution

Your Account Isn't Verified!

In order to create a playlist on Sporcle, you need to verify the email address you used during registration. Go to your Sporcle Settings to finish the process.

Report this User

Report this user for behavior that violates our Community Guidelines.

Details: